Stations du métro marseillais - Statistiques

Statistiques générales
  • Ce quiz a été pris 13 fois
  • Le résultat moyen est 12 sur 28
Statistiques - réponses
Hint Réponse % Correct
M1&M2 Saint-Charles
100%
M1 Vieux-Port
100%
M1&M2 Castellane
90%
M1 La rose
70%
M1 Estrangin
60%
M2 Gèze
60%
M1 La Blancarde
60%
M2 Noailles
60%
M1 Baille
50%
M2 Joliette
50%
M1 La Timone
50%
M2 Perier
50%
M2 Rond-point du Prado
50%
M2 Saint Marguerite Dromel
50%
M1 La Fourragère
40%
M2 Notre-Dame-du-Mont
40%
M2 Bougainville
30%
M1 Louis Armand
30%
M2 Jules Guesde
30%
M1 Saint Barnabé
30%
M1 Saint-Just
30%
M1 Colbert
20%
M1 Frais Vallon
20%
M1 Chartreux
10%
M2 National
10%
M1 Réformés Canebière
10%
M1 Cinq avenues Longchamp
0%
M2 Desirée Clay
0%
Aucun quiz correspondant
Distribution des résultats
% des personnes avec chaque résultat
Percentile par nombre de réponses
Votre historique - résultats
Vous n’avez pas pris ce quiz